Phân tích vai trò của phụ nữ trong sản xuất lúa và tôm vùng ven biển Đồng bằng sông Cửu Long : Luận văn thạc sĩ. Chuyên ngành Phát triển nông thôn

Phân tích vai trò của phụ nữ trong sản xuất lúa và tôm vùng ven biển Đồng bằng Sông Cửu Long; Qua đó đề xuất giải pháp phát huy vai trò của phụ nữ trong xây dựng nông thôn mới

Đã lưu trong:
Bibliografiske detaljer
Hovedforfatter: Nguyễn, Thị Biên Giới
Format: Bog
Sprog:Undetermined
Udgivet: Cần Thơ Trường Đại học Cần Thơ 2015
Fag:
Tags: Tilføj Tag
Ingen Tags, Vær først til at tagge denne postø!
Thư viện lưu trữ: Trung tâm Học liệu Trường Đại học Cần Thơ
LEADER 01216nam a2200217Ia 4500
001 CTU_213368
008 210402s9999 xx 000 0 und d
082 |a 305.482 
082 |b Gi462 
088 |a 60620116 
100 |a Nguyễn, Thị Biên Giới 
245 0 |a Phân tích vai trò của phụ nữ trong sản xuất lúa và tôm vùng ven biển Đồng bằng sông Cửu Long : 
245 0 |b Luận văn thạc sĩ. Chuyên ngành Phát triển nông thôn 
245 0 |c Nguyễn Thị Biên Giới ; Phạm Công Hữu (Cán bộ hướng dẫn) 
260 |a Cần Thơ 
260 |b Trường Đại học Cần Thơ 
260 |c 2015 
520 |a Phân tích vai trò của phụ nữ trong sản xuất lúa và tôm vùng ven biển Đồng bằng Sông Cửu Long; Qua đó đề xuất giải pháp phát huy vai trò của phụ nữ trong xây dựng nông thôn mới 
650 |a Phụ nữ trong xã hội,Phụ nữ trong phong trào lao động,Women in society,Women in the labor movement 
904 |i Nguyên 
980 |a Trung tâm Học liệu Trường Đại học Cần Thơ